000 00616nam a2200181Ia 4500
008 100920s9999 xx 000 0 und d
082 _b88768
_a891.461 थ 37
100 _aपाटणकर श्रीनिवास कृष्ण.
245 _aप्राजक्ताची फुले.
260 _bरानडे दा.पां.,पुणे.
_c1937
300 _a70
_bसाधी
365 _b0
520 _aपदय.
630 _aप्राजक्ताची फुले.
650 _aपदय.
730 _aप्राजक्ताची फुले.
942 _cBOOK
999 _c729271
_d729268